Electric machines / (Record no. 2975)

000 -LEADER
fixed length control field 00514nam a2200193Ia 4500
008 - FIXED-LENGTH DATA ELEMENTS--GENERAL INFORMATION
fixed length control field 190719s9999||||xx |||||||||||||| ||und||
020 ## - INTERNATIONAL STANDARD BOOK NUMBER
International Standard Book Number 0070583773
Terms of availability 615
082 ## - DEWEY DECIMAL CLASSIFICATION NUMBER
Classification number 621.31042 KOT
100 ## - MAIN ENTRY--PERSONAL NAME
Personal name Kothari D.P. and Nagrath I.J.
245 #0 - TITLE STATEMENT
Title Electric machines /
250 ## - EDITION STATEMENT
Edition statement 3rd ed.
260 ## - PUBLICATION, DISTRIBUTION, ETC. (IMPRINT)
Place of publication, distribution, etc New-Delhi:
Name of publisher, distributor, etc Tata McGraw-Hill,
Date of publication, distribution, etc 2006.
300 ## - PHYSICAL DESCRIPTION
Extent xx, 975p.
Other physical details pbk
650 #0 - SUBJECT ADDED ENTRY--TOPICAL TERM
Topical term or geographic name as entry element Electric Machinery
700 ## - ADDED ENTRY--PERSONAL NAME
9 (RLIN) 2257
Personal name Nagrath, I. J.
942 ## - ADDED ENTRY ELEMENTS (KOHA)
Item type Books
Holdings
Withdrawn status Lost status Source of classification or shelving scheme Damaged status Not for loan Permanent location Current location Date acquired Source of acquisition Full call number Barcode Date last seen Cost, replacement price Koha item type
          IMU Kolkata IMU Kolkata 2010-05-13 Ross and Marketing Consultants 621.31042 K872 11119 2020-03-18 350.00 Books
Designed and Maintained by IMU-KC Library, Kolkata Campus © Copyright All Rights Reserved

webs counters

Powered by Koha